Dopravné stavby : Základy dopravného staviteľstva

Guardado en:
Detalles Bibliográficos
Autor principal: Chochol, Štefan (Autor)
Formato: Libro
Lenguaje:eslovaco
Publicado: Bratislava : SVŠT v Bratislave, 1978
Etiquetas: Agregar Etiqueta
Sin Etiquetas, Sea el primero en etiquetar este registro!

MARC

LEADER 00000nam a22000003a 4500
001 stu91231
005 20150617225623.8
008 041026s1978----cs------------------slo-d
040 |a STU  |b slo 
041 0 |a slo 
044 |a cs 
080 |a 625.7/.8(075.8) 
100 1 |a Chochol, Štefan  |4 aut 
245 1 |a Dopravné stavby :  |b Základy dopravného staviteľstva 
260 |a Bratislava :  |b SVŠT v Bratislave,  |c 1978 
300 |a 505 s 
996 |b 284V025173  |c V*3021/S-78  |l VVS  |s A  |a 24  |w stu91231_0001 
996 |b 284V025259  |c V*3974/S-78  |l VVS  |s A  |a 24  |w stu91231_0002